000 00768nam a2200241Ia 4500
003 OSt
005 20220923224558.0
006 a|||||r|||| 00| 0
007 ta
008 220922b |||||||| |||| 00| 0 pan d
020 _c90
024 _a243,619
037 _b309, 08/10/2010, H.K. Prakashan
_cTextual
040 _aARTS
_cARTS
_bpan
041 _2pan
_apan
082 _aY73(P153):351, 153P3
100 _aਕਰਮਜੀਤ ਸਿੰਘ
245 0 _aਲੋਕ ਗੀਤਾਂ ਦੇ ਨਾਲ ਨਾਲ
260 _aਜਲੰਧਰ
_b ਲੋਕਗੀਤ
_c2003
300 _a104ਪੰ
_ccm.
942 _hY73(P153):351, 153P3
_cTEXL
_2CC
999 _c372321
_d372321